FIFA World Cup Golden Ball Winners from South America - Statistics

General Stats
  • This quiz has been taken 15 times
  • The average score is 7 of 12
Answer Stats
Year Answer % Correct
2014 and 2022 Lionel Messi
93%
1986 Diego Maradona
87%
1998 Ronaldo
87%
1970 Pelé
80%
1962 Garrincha
67%
1994 Romário
67%
2010 Diego Forlán
60%
1978 Mario Kempes
53%
1958 Didi
40%
1938 Leônidas
27%
1930 José Nasazzi
7%
1950 Zizinho
7%
No matching quizzes found
Score Distribution
Percent of People with Each Score
Percentile by Number Answered
Your Score History
You have not taken this quiz